[Event "Ustron op-B"]
[Site "Ustron"]
[Date "2021.08.20"]
[Round "9"]
[White "Sokolowski, Jacek"]
[Black "Turski, Bartlomiej"]
[Result "0-1"]
[WhiteElo "2144"]
[BlackElo "1980"]
[PlyCount "94"]
[EventDate "2021.08.13"]
[EventType "swiss"]
[EventRounds "9"]
[EventCountry "POL"]
[SourceTitle "CBM 204 Extra"]
[Source "ChessBase"]
[SourceDate "2021.11.30"]
[SourceVersion "1"]
[SourceVersionDate "2021.11.30"]
[SourceQuality "1"]

1. e4 c5 2. c3 Nf6 3. e5 Nd5 4. Nf3 Nc6 5. Bc4 Nb6 6. Bb3 d5 7. exd6 Qxd6 8. 0-0 c4 9. Bc2 Bg4 10. Re1 Ne5 11. Rxe5 Bxf3 12. Qe1 Bd5 13. b3 e6 14. Na3 a6 15. Rb1 Nd7 16. Re3 b5 17. bxc4 bxc4 18. Ba4 Be7 19. d3 0-0 20. dxc4 Bc6 21. Bc2 Bf6 22. h4 h5 23. Qe2 g6 24. Rb4 Ne5 25. c5 Qxc5 26. Rg3 Ng4 27. Rbxg4 hxg4 28. Qxg4 Qe5 29. Bf4 Qe1+ 30. Kh2 Ra7 31. h5 Bg7 32. hxg6 f5 33. Qh5 Bf6 34. Be3 Rd7 35. Nc4 Qxc3 36. Nb6 Re7 37. Bb3 Qe5 38. Bf4 Qe4 39. f3 Qe1 40. Bd2 Qe2 41. Bc4 Qe5 42. Bf4 Qe1 43. Bd6 Bd4 44. Rg5 f4 45. g3 Qg1+ 46. Kh3 Qh1+ 47. Kg4 Bxf3# 0-1

[Event "Ustron op-B"]
[Site "Ustron"]
[Date "2021.08.17"]
[Round "6"]
[White "Sokolowski, Jacek"]
[Black "Sernecki, Franciszek"]
[Result "1/2-1/2"]
[WhiteElo "2144"]
[BlackElo "2196"]
[PlyCount "41"]
[EventDate "2021.08.13"]
[EventType "swiss"]
[EventRounds "9"]
[EventCountry "POL"]
[SourceTitle "CBM 204 Extra"]
[Source "ChessBase"]
[SourceDate "2021.11.30"]
[SourceVersion "1"]
[SourceVersionDate "2021.11.30"]
[SourceQuality "1"]

1. d4 Nf6 2. Nc3 d5 3. Bg5 Nbd7 4. Nf3 h6 5. Bf4 c6 6. e3 Nh5 7. Be5 Nxe5 8. dxe5 g6 9. Be2 Ng7 10. e4 Qb6 11. Rb1 dxe4 12. Nxe4 Bf5 13. Nc3 Rd8 14. Qc1 Bg4 15. Qf4 Bxf3 16. Qxf3 Ne6 17. Bc4 Qd4 18. Bxe6 Qxe5+ 19. Qe4 Qxe6 20. Qxe6 fxe6 21. Ne4 1/2-1/2